Vowel Movement Quiz Stats

Quiz Updated Oct 29, 2014

Challenge
Share
Tweet
Embed
Score 0/24 Timer 04:00
6 Plays Today
Clue 5-vowel word % Correct
Workaholics will keep going to the point of this.exhaustion
95.3%
Love knows no __________.boundaries
94.9%
Noah was a great one.boatbuilder
90.5%
Left AND right handed.ambidextrous
90%
Good girls worry about theirs, bad girls don’t.reputation
87.7%
This rocked in a song by Elvis.jailhouse
86.9%
Where “ashes to ashes” is taken seriously.crematorium
86.4%
“Blooming” white veggie.cauliflower
86.4%
If I had one of these I’d never clean again.housemaid
83.2%
Describes the D in a Jack Black movie.tenacious
78.4%
Some people have this “convincing” gift.persuasion
76.2%
The perfect gift for a new home owner.housewarming
74.5%
Clue 5-vowel word % Correct
You take this when you look before you leap.precaution
73.4%
A particularly inflammatory type of a arthritis.rheumatoid
73.1%
The kind of disease that gets around.communicable
70%
Are you nuts? You must be __________.delusional
63.1%
Sold to the highest bidder.auctioned
61%
If you need surgery you hope it’s this kind.outpatient
60.4%
What many cities do to their water supplies.fluoridate
51.4%
People are dyin’ to get in to these places.mortuaries
51%
System where 12 is the base.duodecimal
50.1%
“Devil”ishly awesome.hellacious
49.7%
This + cognac + lemon juice = Sidecar.cointreau
33.7%
Cube in Dungeons & Dragons.gelatinous
27.2%

You're not logged in!

Compare scores with friends on all Sporcle quizzes.
Sign Up with Email
OR
Log In

You Might Also Like...

Show Comments

Extras

Top Quizzes Today


Score Distribution

Your Account Isn't Verified!

In order to create a playlist on Sporcle, you need to verify the email address you used during registration. Go to your Sporcle Settings to finish the process.